| 000 | 01049nam a22001337a 4500 | ||
|---|---|---|---|
| 999 |
_c529755 _d529755 |
||
| 008 | 250507b ||||| |||| 00| 0 eng d | ||
| 100 |
_a Nataliya Gumenyuk _952823 |
||
| 245 | _aPutin’s Ukraine: The end of war and the price of Russian occupation | ||
| 260 | _aForeign Affairs | ||
| 300 | _a104(2), Mar-Apr, 2025: p.62-75 | ||
| 520 | _aFrom afar, the situation Ukraine faces after three years of full-scale war with Russia seems clear. Over the past 12 months, Moscow has intensified its assault on civilian populations, sending drones, missiles, and bombs in almost daily attacks on cities across the country. Infrastructure and power stations have been relentlessly targeted. Millions of people have been displaced, and millions more who fled the country after 2022 have been unable to return. Even as Ukraine has struggled to hold the frontlines, its soldiers continue to be injured and killed.- Reproduced https://www.foreignaffairs.com/russia/putin-ukraine-end-war-russian-occupation | ||
| 773 | _aForeign Affairs | ||
| 942 | _cAR | ||